Después del fin del arte: el arte contemporáneo y el linde de la historia

Guardado en:
Detalles Bibliográficos
Autor principal: Danto, Arthur C (Autor)
Formato: Libro
Lenguaje:español
Publicado: Barcelona Paidós Ibérica 1999
Colección:Paidós Transiciones, 16
Materias:
Etiquetas: Agregar Etiqueta
Sin Etiquetas, Sea el primero en etiquetar este registro!

MARC

LEADER 00000nam a2200000 a 4500
001 UCL0710
003 CL-VaPUC
008 030808e19990000SP |||||||||||||||||spa|d
020 |a 8449310369 
082 0 4 |a 709.04  |b DAN  |2 21 
100 |a Danto, Arthur C  |e author  |9 572406 
245 1 0 |a Después del fin del arte: el arte contemporáneo y el linde de la historia 
300 |a 254 p 
942 |c BK 
945 |d 20030808 00:00:00  |a cmena 
260 |a Barcelona  |b Paidós Ibérica  |c 1999 
650 0 |a Arte moderno  |9 265333 
650 0 |a Arte contemporáneo  |9 338008 
650 0 |a Crítica de arte  |9 334590 
650 0 |a Estética   |9 264950 
650 0 |a Estilos artísticos  |9 340996 
583 |a last modification  |c 20170518 12:47:30  |k Rodrigo Vera 
490 0 |a Paidós Transiciones, 16 
999 |c 304524  |d 304522 
952 |0 0  |1 0  |4 0  |6 709_040000000000000_DAN_1999  |7 0  |8 A  |9 366862  |a FDOPOS  |b FDOPOS  |d 2019-11-21  |i 3905985  |o 709.04 DAN 1999  |p 3905985  |r 2025-01-22  |w 2019-11-21  |y BK  |k MLH